000 00620nam a22001577a 4500
003 OSt
005 20151106102342.0
008 151106b xxu||||| |||| 00| 0 eng d
040 _cRUA
082 _aFOR KHU 2002 B128 Or.1
100 _93440
_aKHUN, DARARITH.
245 _aStudy on use wood energy in srey santhor district, kampong cham province (សិក្សាពីការប្រើប្រាស់ឈើថាមពលក្នុងស្រុកស្រីសន្ធរខេត្តកំពង់ចាម​)
260 _aPhnom Penh
_bRUA
_c2002
300 _a49p.
_bill.
_c29cm.
942 _2ddc
_cFOR
999 _c3210
_d3210